Microsoft World 2010 (Record no. 46854)
[ view plain ]
| 000 -LEADER | |
|---|---|
| fixed length control field | 00250nam a22001097a 4500 |
| 008 - FIXED-LENGTH DATA ELEMENTS--GENERAL INFORMATION | |
| fixed length control field | 180806b xxu||||| |||| 00| 0 eng d |
| 082 ## - DEWEY DECIMAL CLASSIFICATION NUMBER | |
| Classification number | 813.52 |
| 245 ## - TITLE STATEMENT | |
| Title | Microsoft World 2010 |
| Statement of responsibility, etc | PARADIGM |
| 300 ## - PHYSICAL DESCRIPTION | |
| Extent | 1 |
| Type of unit | cd |
| 440 ## - SERIES STATEMENT/ADDED ENTRY--TITLE | |
| International Standard Serial Number | MLB257834 |
| 942 ## - ADDED ENTRY ELEMENTS (KOHA) | |
| Source of classification or shelving scheme | |
| Item type | Mixed Materials |
| Withdrawn status | Lost status | Source of classification or shelving scheme | Damaged status | Not for loan | Collection code | Permanent location | Current location | Shelving location | Date acquired | Total Checkouts | Full call number | Barcode | Date last seen | Price effective from | Koha item type |
|---|---|---|---|---|---|---|---|---|---|---|---|---|---|---|---|
| Koleksioni i përgjithshem | UBT - Lipjan | UBT - Lipjan | Koleksioni i përgjithshem | 08/06/2018 | 813.52 PAR | 002-3010493 | 08/06/2018 | 08/06/2018 | Mixed Materials |